00899nam a22001937a 4500003000900000008004100009040007100050082001800121100002100139245004900160260003700209300005500246505027800301650000900579650001400588650002100602700003600623710004600659AR-CdUCM190321b ||||| |||| 00| 0 spa d aMUNICIPALIDAD PROVINCIAL DEL CUSCOcBIBLIOTECA MUNICIPAL DEL CUSCO a628.53 /bR84 aRoss, Richard D. aLa industria y la contaminación del aire / aMéxico, D. F. :bDiana,c1974. a539 páginas ;bilustraciones, diagramas,c24 cm. aContenido: Efectos de la contaminación del aire en el ambiente -- Tendencias legislativas y reglamentarias relativas al control y a la prevención de la contaminación del aire -- Contaminantes del aire -- Técnicas para el análisis de los contaminantes del aire ... aAire aIndustria aContaminación. aOrtíz, María (traducción) aCentro Regional de ayuda Técnica - AID.